00629nam a2200193Ia 4500008004100000020001800041082001200059100002000071245004000091250000700131260006000138300002300198500001900221600002700240650001500267942000700282952012900289999001700418240925s9999 xx 000 0 und d a9789386418401 a607 BHA aNot - Available 0aEssentials of Technology Management aNA aNew Delhi:bNew Age International (Pvt) Limitedc,2018. a357p.b0fOriginal aIncludes Index aElectrical Engineering aTechnology cBK 001040708ELaUITUbUITUd2019-01-20eAllied Book Companyg977.60l0o607 BHApQ14143r2024-09-25 07:17:11w2024-09-25yBK c16642d16642